Statistiques concernant Culture Générale - Série 1977

Cliquez ici pour prendre le quiz!

Statistiques générales

  • Ce quiz a été pris 60 fois
  • Le résultat moyen est 5 sur 10

Statistiques - réponses

Question Réponse % Correct
Dans quel art s'est illustré Jean-Baptiste Camille Corot (1796-1875) ? voir photopeinture
88%
Personne qui admire un musicien, un chanteur ou un groupe de musique et qui le suit dans ses déplacements - commence par "g"groupie
88%
De quel pays Sanaa est-elle la capitale ?Yémen
84%
De quel pays les "coptes" sont-ils les habitants chrétiens ?Egypte
74%
Comment appelle-t-on une cour intérieure à ciel ouvert ?patio
72%
"George Dandin ou le Mari confondu" est une pièce de théâtre de ....Molière
58%
C'est une ville du Brésil - un quartier de Lisbonne - un navire école françaisBelem
46%
Charpente de bois qui supporte un navire et glisse avec lui pendant le lancement ou frère de Moïseber
11%
Local où l'on range des objets, synonyme de remise, réserve - en 8 lettresresserre
7%
Quel est le plus long fleuve du Maroc ?Drâa
5%

Distribution des résultats

Percentile par nombre de réponses

% des personnes avec chaque résultat

Votre développement - résultats

Vous n’avez pas pris ce quiz